Nahr al-ramād, (Record no. 45672)

MARC details
000 -LEADER
fixed length control field 00593cam a22002051 4500
001 - CONTROL NUMBER
control field ne 63000513
003 - CONTROL NUMBER IDENTIFIER
control field DLC
005 - DATE AND TIME OF LATEST TRANSACTION
control field 20260227111742.0
008 - FIXED-LENGTH DATA ELEMENTS--GENERAL INFORMATION
fixed length control field 820614s1962 le 000 0 ararc
010 ## - LIBRARY OF CONGRESS CONTROL NUMBER
LC control number ne 63000513
035 ## - SYSTEM CONTROL NUMBER
System control number (OCoLC)8514661
040 ## - CATALOGING SOURCE
Original cataloging agency Princeton Univ. Libr.
Transcribing agency TU
Modifying agency TU
-- DLC
042 ## - AUTHENTICATION CODE
Authentication code premarc
050 00 - LIBRARY OF CONGRESS CALL NUMBER
Classification number PJ7832.A78
Item number N3
100 1# - MAIN ENTRY--PERSONAL NAME
Personal name Hawi, Khalil S.,
Dates associated with a name 1925-
245 10 - TITLE STATEMENT
Title Nahr al-ramād,
Statement of responsibility, etc. shiʻr Khalīl Ḥāwī.
250 ## - EDITION STATEMENT
Edition statement [Ṭabʻah thālithah]
260 ## - PUBLICATION, DISTRIBUTION, ETC.
Place of publication, distribution, etc. Bayrūt,
Name of publisher, distributor, etc. Dār al-Ṭalīʻah lil-tibāʻah wa-al-Nashr.
Date of publication, distribution, etc. [1962]
300 ## - PHYSICAL DESCRIPTION
Extent 141 p.
Dimensions 20 cm.

No items available.

Powered by Koha